The urban sketching handbook reportage and documentary drawing tips and techniques for drawing on location (Record no. 6295)

000 -LEADER
fixed length control field 00331nam a2200109Ia 4500
008 - FIXED-LENGTH DATA ELEMENTS--GENERAL INFORMATION
fixed length control field 200302s9999 xx 000 0 und d
100 ## - MAIN ENTRY--PERSONAL NAME
Personal name Veronica Lawlor
245 ## - TITLE STATEMENT
Title The urban sketching handbook reportage and documentary drawing tips and techniques for drawing on location
260 ## - PUBLICATION, DISTRIBUTION, ETC.
Name of publisher, distributor, etc. Quarry Books
260 ## - PUBLICATION, DISTRIBUTION, ETC.
Date of publication, distribution, etc. 2016
300 ## - PHYSICAL DESCRIPTION
Extent 111
Holdings
Withdrawn status Lost status Damaged status Not for loan Permanent Location Current Location Date acquired Cost, normal purchase price Total Checkouts Total Renewals Full call number Barcode Date last seen Date last checked out Price effective from Koha item type
        BMS College of Architecture, Design and Planning BMS College of Architecture, Design and Planning 2020-03-03 1199.93 2 1 741.2 AR-UG197 2024-10-03 2024-09-18 2020-03-03 UG Books
Copyright © 2025, The Librarian, Library and Information Centre, BMSCA D&P, Bengaluru. All Rights Reserved
web counter

Powered by Koha